Statistics for Pink Floyd lyrics - easy

Click here to take the quiz!

General Stats

  • This quiz has been taken 971 times
  • The average score is 8 of 13

Answer Stats

HintAnswer% Correct
Can you show me where it hurts?Comfortably numb
90%
New car, caviar, four star daydream, Think I'll buy me a football teamMoney
90%
And did they get you to trade your heroes for ghosts?Wish you were here
81%
Tired of lying in the sunshine, staying home to watch the rainTime
77%
We don't need no thought controlAnother brick in the wall part 2
69%
Don't give in without a fightHey you
63%
The paper holds their folded faces to the floor, and every day the paper boy brings moreBrain damage
62%
What did you dream? It's alright we told you what to dreamwelcome to the machine
60%
Threatened by shadows at night, and exposed to the lightShine on you crazy diamond
59%
Well I've always had a deep respect and i mean that most sincerelyHave a cigar
58%
Forward he cried from the rear and the front rank diedUs and them
54%
Who's gonna show this stranger around?Young lust
47%
I have seen the writing on the wallAnother brick in the wall part 3
38%

Score Distribution

Percentile by Number Answered

Percent of People with Each Score

Your Score History

You have not taken this quiz